¿Dónde estabas, Adán? / (Registro nro. 30712)
[ vista simple ]
| 000 -LÍDER | |
|---|---|
| campo de control de longitud fija | 01330nam a2200265 4500 |
| 005 - FECHA Y HORA DE LA ÚLTIMA | |
| campo de control | 20240320203720.0 |
| 008 - ELEMENTOS DE DATOS DE LONGITUD FIJA - INFORMACIÓN GENERAL | |
| campo de control de longitud fija | 240320b |||||||| |||| 00| 0 eng d |
| 020 ## - NÚMERO INTERNACIONAL NORMALIZADO DEL LIBRO | |
| Número de libro estándar internacional | 8475301754 |
| 037 ## - FUENTE DE ADQUISICIÓN | |
| Materials specified | Donación |
| 040 ## - FUENTE DE CATALOGACIÓN | |
| Agencia de catalogación original | CO-JMCR |
| Agencia de transcripción | CO-JMCR |
| Agencia modificadora | CO-JMCR |
| Convenciones de descripción | rda |
| 041 ## - CÓDIGO DE IDIOMA | |
| Código de idioma del texto/pista de sonido o título independiente | spa |
| 082 ## - NÚMERO DE CLASIFICACIÓN DECIMAL DEWEY | |
| Número de clasificación | A-N |
| Número de artículo | BOLd |
| 100 ## - ENTRADA PRINCIPAL - NOMBRE PERSONAL | |
| Término relativo | autor |
| Nombre personal | Böll, Heinrich |
| 9 (RLIN) | 43567 |
| 245 ## - DECLARACIÓN DEL TÍTULO | |
| Título | ¿Dónde estabas, Adán? / |
| Declaración de responsabilidad, etc. | Heinrich Böll |
| 246 ## - FORMA VARIABLE DEL TÍTULO | |
| Título propiamente dicho/título corto | Wo warst du, Adam? |
| 260 ## - PUBLICACIÓN, DISTRIBUCIÓN, ETC. | |
| Lugar de publicación, distribución, etc. | Bogotá |
| Nombre del editor, distribuidor, etc. | Ediciones Orbis, S.A. |
| Fecha de publicación, distribución, etc. | 1963 |
| 300 ## - DESCRIPCIÓN FÍSICA | |
| Medida | 202 páginas |
| Dimensiones | 20 cm |
| 520 ## - RESUMEN, ETC. | |
| Resumen, etc | Este libro trata sobre la Segunda Guerra Mundial. Con personajes que cuentan su particular forma de vivir en tiempos de guerra. Aunque algunos aparecen sólo unas páginas todos dejan una inolvidable huella. El protagonista, un soldado llamado Feinhals nos enseña como vive, sueña y ama durante una guerra. Es raro encontrar personajes tan humanos dentro de un relato tratándose de soldados del ejercito alemán. El autor hace una profunda crítica de la guerra y de la xenofobia desde el punto de vista de los opresores. |
| 586 ## - NOTA DE PREMIOS | |
| Nota de premios | Premio Nobel 1972 |
| 650 ## - ENTRADA AÑADIDA DE ASUNTO - TÉRMINO TEMÁTICO | |
| Fuente del encabezado o término | JMCR |
| -- | Novela Alemana |
| Subdivisión cronológica | Siglo XX |
| 9 (RLIN) | 43568 |
| 650 ## - ENTRADA AÑADIDA DE ASUNTO - TÉRMINO TEMÁTICO | |
| Fuente del encabezado o término | JMCR |
| -- | Literatura Alemana |
| Subdivisión cronológica | Siglo XX |
| 9 (RLIN) | 43569 |
| 650 ## - ENTRADA AÑADIDA DE ASUNTO - TÉRMINO TEMÁTICO | |
| Fuente del encabezado o término | JMCR |
| -- | Guerra en la literatura |
| 9 (RLIN) | 695 |
| 700 ## - ENTRADA AGREGADA - NOMBRE PERSONAL | |
| Nombre personal | Janes, Alfonsina |
| Término relativo | Traductor |
| 9 (RLIN) | 43570 |
| 942 ## - ELEMENTOS DE ENTRADA AÑADIDOS (KOHA) | |
| Source of classification or shelving scheme | Dewey Decimal Classification |
| Tipo de artículo Koha | Books |
| 999 ## - | |
| -- | 30712 |
| -- | 17096 |
| Estado retirado |
|---|